000 00503nam a2200205Ia 4500
003 OSt
005 20221007082533.0
006 a|||||r|||| 00| 0
007 ta
008 221006b |||||||| |||| 00| 0 eng d
024 _a21,133
037 _cTextual
040 _aFLL
_cFLL
_beng
041 _2eng
_aeng
082 _aZ0aY:6, M8
245 0 _aLaw and social change
_bIndia American reflection
260 _c1988
942 _hZ0aY:6, M8
_cTEXL
_2CC
999 _c1166766
_d1166766